LEADER 00870nas a2200241 i 4500 001 000000143323 003 CaOOAMICUS 005 20190418152706.0 008 050929b2005 it uu u0 0mul r 013 $a118681 040 $aSeMil$bita 245 10$a2005 : Agosto. 260 $aGenova :$bName,$c2005. 300 $aP. [187]-355 p. :$bgrafici, tabelle ;$c21 cm. 500 $aContiene : Summaries = Riassunti [in inglese o in italiano]. 773 0 $tQuaderni di Scienza Politica.$dMilano : Giuffrè, 1994.$x1124-7959$w()2666 774 0 $t[vedi periodico].$w()262640 850 $aSeMil 852 $aSeMil$W1$xVenegono$y1$m198 4 56$j96433$B96433$CSeMilBibl$Z2$F109205 $85 961 $aAbbonamento: Name 996 $6245$a2005 : Agosto$9(OLS)http://semarc/title/208288 996 $6260$aGenova :$bName$9(OLS)http://semarc/publisher/32482 LEADER 00695nam a2200193 i 4500 001 000000248555 003 CaOOAMICUS 005 20160404000000.0 008 160404s2000 it u000 u ita u 013 $a227460 040 $aSeMil$bita 245 10$aVolume 2. 300 $aXI, 338 p. :$bill. + 1 c. di tav. 500 $aIn mezzo al front : con grande albero genealogico manoscritto fuori testo. 773 0 $aRota, Daniele$tBlondel di Casirate.$dMilano : Ezio Parma, copyr. 1996-stampa 2000.$w()33088 850 $aSeMil 852 $aSeMil$W1$xVenegono$y1$m3M V 228/2$j198901$B198901$CSeMilBibl$Z2$F211888 $81 961 $aOmaggio: Altro 996 $6245$aVolume 2$9(OLS)http://semarc/title/11564